000 00938nam a2200277 i 4500
001 bg
100 1 _aGołuchowski, Jerzy.
245 1 0 _aTechnologie informatyczne w zarządzaniu wiedzą w organizacji /
_cJerzy Gołuchowski.
250 _aWyd. 2
260 _aKatowice :
_bWydawnictwo Akademii Ekonomicznej im. Karola Adamieckiego,
_c2007.
300 _a260 s. :
_bil. ;
_c25 cm.
490 1 _aPrace Naukowe Akademii Ekonomicznej im. Karola Adamieckiego w Katowicach
504 _aBibliogr. s. 241-257.
650 9 _aOrganizacja ucząca się
650 9 _aSystemy informatyczne zarządzania
650 9 _aZarządzanie wiedzą
020 _a9788372468727
040 _cBPK
041 0 _apol
044 _aPOL
080 _a005.94:004.65
920 _a978-83-7246-872-7
942 _cKS
008 s pl f |000 0 pol
999 _c54919
_d54919
856 _uhttp://koha.tu.koszalin.pl/cgi-bin/koha/opac-detail.pl?biblionumber=54919
_yKatalog online BPK